Statistiken für Tennis Weltrangliste der Männer 2024

Klicken Sie hier um das Quiz zu spielen!

Allgemein

  • Dieses Quiz wurde 964 mal gespielt
    (204 seit der letzten Aktualisierung)
  • Das Durchschnittsergebnis liegt bei 18 aus 32

Antwortstatistiken

PlatzLandSpieler% Korrekt
1.SerbienNovak Djoković
100%
7.DeutschlandAlexander Zverev
98%
2.SpanienCarlos Alcaraz
98%
4.ItalienJannik Sinner
98%
6.GriechenlandStefanos Tsitsipas
95%
3.RusslandDaniil Medvedev
92%
5.RusslandAndrey Rublev
89%
8.DänemarkHolger Rune
87%
11.NorwegenCasper Ruud
85%
9.PolenHubert Hurkacz
75%
14.BulgarienGrigor Dimitrov
74%
10.Vereinigte StaatenTaylor Fritz
69%
12.AustralienAlex de Minaur
63%
25.DeutschlandJan-Lennard Struff
61%
32.KasachstanAlexander Bublik
57%
16.Vereinigte StaatenFrances Tiafoe
57%
15.RusslandKaren Khachanov
57%
17.Vereinigte StaatenBen Shelton
53%
29.KanadaFélix Auger-Aliassime
46%
13.Vereinigte StaatenTommy Paul
46%
19.ChileNicolas Jarry
41%
18.Vereinigtes KönigreichCameron Norrie
39%
27.ItalienLorenzo Musetti
33%
23.NiederlandeTallon Griekspoor
31%
21.ArgentinienFrancisco Cerundolo
30%
22.FrankreichAdrian Mannarino
28%
20.FrankreichUgo Humbert
28%
26.SpanienAlejandro Davidovich Fokina
25%
28.ArgentinienSebastian Baez
24%
30.ArgentinienTomas Martin Etcheverry
22%
31.Tschechische RepublikJiri Lehecka
21%
24.Vereinigte StaatenSebastian Korda
17%

Verteilung der Resultate

Perzentil nach korrekt beantworteten Fragen

Anzahl Personen mit jedem Resultat

Ihre Resultats-Entwicklung

Sie haben dieses Quiz seit der letzten Aktualisierung nicht gespielt